Movies Quiz

Random Movies or Play Quiz

Movies in the Child's Play Movie Series Quiz Stats

 Plays Quiz not verified by Sporcle

Score 0/6 Timer 10:00
0 Plays Today
Director Movie % Correct
Tom HollandChild's Play
100%
John LafiaChild's Play 2
98.9%
Jack BenderChild's Play 3
98.9%
Ronny YuBride of Chucky
95.6%
Don ManciniSeed of Chucky
93.4%
Don ManciniCurse of Chucky
81.8%

You're not logged in!

Compare scores with friends on all Sporcle quizzes.
OR
Log In

Show Comments

Extras

Created Oct 29, 2012ReportNominate
Tags:Director Quiz, Play Quiz, child

Top Quizzes Today


Score Distribution

Your Account Isn't Verified!

In order to create a playlist on Sporcle, you need to verify the email address you used during registration. Go to your Sporcle Settings to finish the process.

Report this User

Report this user for behavior that violates our Community Guidelines.

Details: